Guess the Taylor Swift song no hints #49 - Statistics

General Stats
  • This quiz has been taken 47 times
  • The average score is 289 of 371
Answer Stats
Answer % Correct
a
100%
I
100%
(I
100%
on
96%
the
96%
You
96%
you
96%
you)
96%
your
96%
you're
96%
and
93%
And
93%
be
93%
I'm
93%
in
93%
me
93%
of
93%
to
93%
it's
89%
that
89%
ever
85%
if
85%
my
85%
but
81%
But
81%
can
81%
their
81%
there
81%
They
81%
they
81%
when
81%
with
81%
day
78%
Day
78%
Don't
78%
don't
78%
night
78%
shoes
78%
up
78%
we're
78%
floor
74%
from
74%
I'll
74%
New
74%
party
74%
after
70%
back
70%
carrying
70%
could
70%
down
70%
Girls
70%
glitter
70%
There's
70%
Year's
70%
Hold
67%
hold
67%
(hold
67%
lobby
67%
Or
67%
or
67%
out
67%
will
67%
away
63%
become
63%
before
63%
bottles
63%
cleaning
63%
last
63%
laugh
63%
midnights
63%
Please
63%
recognize
63%
stranger
63%
tell
63%
times
63%
want
63%
anywhere
59%
gonna
59%
hand
59%
memories
59%
stay
59%
babe
56%
forevermore
56%
hard
56%
making
56%
mistakes
56%
page
56%
read
56%
taxi
56%
Whose
56%
home
52%
long
52%
Polaroids
52%
road
52%
squeeze
52%
three
52%
wrong
52%
hardwood
48%
Candle
44%
town
44%
wax
44%
crawling
41%
toast
41%
scared
37%
strike
37%
turning
37%
lost
33%
No matching quizzes found
Score Distribution
Percent of People with Each Score
Percentile by Number Answered
Your Score History
You have not taken this quiz